Laboratory manual in general zoology (Record no. 2464)

MARC details
000 -LEADER
fixed length control field 00390nam a22001577a 4500
003 - CONTROL NUMBER IDENTIFIER
control field 0
005 - DATE AND TIME OF LATEST TRANSACTION
control field 20220114142141.0
008 - FIXED-LENGTH DATA ELEMENTS--GENERAL INFORMATION
fixed length control field 0
040 ## - CATALOGING SOURCE
Transcribing agency 0
050 ## - LIBRARY OF CONGRESS CALL NUMBER
Classification number QL53
Item number .D9481 1987
100 ## - MAIN ENTRY--PERSONAL NAME
Personal name Duran,A.P
245 ## - TITLE STATEMENT
Title Laboratory manual in general zoology
Statement of responsibility, etc. A.P Duran
260 ## - PUBLICATION, DISTRIBUTION, ETC.
Place of publication, distribution, etc. Quezon City:
Name of publisher, distributor, etc. A.P Duran Enterprises;
Date of publication, distribution, etc. c1987.
300 ## - PHYSICAL DESCRIPTION
Extent 225pages:
Other physical details with Illustration;
Dimensions 26 cm.
942 ## - ADDED ENTRY ELEMENTS (KOHA)
Source of classification or shelving scheme Library of Congress Classification
Koha item type Filipiniana
Holdings
Withdrawn status Source of classification or shelving scheme Damaged status Not for loan Home library Current library Date acquired Total Checkouts Full call number Barcode Date last seen Price effective from Koha item type
  Library of Congress Classification     Cainta College Library Cainta College Library 03/26/2018   QL53.D9481 1987 URSCAI-4121 03/26/2018 03/26/2018 Filipiniana

University of Rizal System
Email us at univlibservices@urs.edu.ph

Visit our Website www.urs.edu.ph/library